[Event "Open"]
[Site "Baku AZE"]
[Date "2010.08.30"]
[Round "8"]
[White "Sulashvili,M"]
[Black "Agaragimov,D"]
[Result "1/2-1/2"]
[WhiteElo "2498"]
[BlackElo "2311"]
[EventDate "2010.08.23"]

1. d4 Nf6 2. Nf3 g6 3. c4 Bg7 4. g3 O-O 5. Bg2 d6 6. O-O Nc6 7. Nc3 a6 8.
e3 Rb8 9. Qe2 e5 10. d5 Ne7 11. e4 Nd7 12. b4 h6 13. Bb2 f5 14. exf5 gxf5
15. Nh4 b5 16. cxb5 axb5 17. Rac1 Nf6 18. Rfd1 Bd7 19. Qc2 Qe8 20. Re1 Qf7
21. Rcd1 Ra8 22. a3 Ng4 23. Qe2 Rab8 24. Qc2 e4 1/2-1/2

[Event "Open"]
[Site "Baku AZE"]
[Date "2010.08.30"]
[Round "8"]
[White "Guseinov,G"]
[Black "Asgarov,M"]
[Result "1-0"]
[WhiteElo "2611"]
[BlackElo "2211"]
[EventDate "2010.08.23"]

1. e4 c5 2. Nf3 d6 3. d4 cxd4 4. Nxd4 Nf6 5. Nc3 a6 6. Bg5 e6 7. f4 b5 8.
e5 dxe5 9. fxe5 Qc7 10. Qe2 Nfd7 11. O-O-O Bb7 12. Qg4 Qxe5 13. Be2 Bc5 14.
Bf3 Bxf3 15. Nxf3 h5 16. Qh3 Qc7 17. Rhe1 O-O 18. Qxh5 Nc6 19. Re4 f6 20.
Rh4 Nde5 21. Bxf6 Be3+ 22. Kb1 Rxf6 23. Qh8+ Kf7 24. Qxa8 Nxf3 25. gxf3 b4
26. Rh8 Kg6 27. Qe8+ Qf7 28. Qxc6 1-0

[Event "Open"]
[Site "Baku AZE"]
[Date "2010.08.30"]
[Round "8"]
[White "Guliyev,N"]
[Black "Abdulov,Or"]
[Result "0-1"]
[WhiteElo "2510"]
[BlackElo "2295"]
[EventDate "2010.08.23"]

1. e4 e5 2. Nf3 Nc6 3. Bb5 a6 4. Ba4 Nge7 5. O-O g6 6. c3 Bg7 7. d4 b5 8.
Bb3 exd4 9. cxd4 O-O 10. Nc3 Na5 11. Bg5 h6 12. Bh4 Nxb3 13. Qxb3 g5 14.
Bg3 d6 15. Rad1 Kh8 16. d5 f5 17. exf5 Nxf5 18. Ne2 Nxg3 19. hxg3 Bg4 20.
Rd2 Qf6 21. Ned4 Rae8 22. Qc2 Qf7 23. Qc6 Bc8 24. a3 Re4 25. Ne6 Rc4 26.
Qa8 Bxe6 27. dxe6 Rxa8 28. exf7 Rf8 29. Re1 Rxf7 30. Re8+ Kh7 31. Kh2 b4
32. axb4 Rxb4 33. Ree2 a5 34. Ne1 Rb5 35. Nd3 Rd5 36. Re3 c5 37. Rde2 Rb7
38. Rf3 c4 39. Ne1 Re5 40. Rxe5 Bxe5 41. Rf8 Bxb2 42. Ra8 Bd4 43. Rxa5 Bc3
0-1

[Event "Open"]
[Site "Baku AZE"]
[Date "2010.08.30"]
[Round "8"]
[White "Mamedjarova,T"]
[Black "Bajarani,U"]
[Result "0-1"]
[WhiteElo "2280"]
[BlackElo "2409"]
[EventDate "2010.08.23"]

1. d4 d5 2. c4 c6 3. Nf3 Nf6 4. e3 Bf5 5. Nc3 e6 6. Bd3 Bg6 7. O-O Nbd7 8.
cxd5 cxd5 9. b3 a6 10. Bb2 Bd6 11. Rc1 Qb8 12. h3 O-O 13. Bxg6 hxg6 14. Ng5
b5 15. f4 Qb7 16. Nf3 Bb4 17. Qd3 Ne4 18. Rc2 Rfc8 19. Rfc1 Bxc3 20. Bxc3
Rc6 21. Be1 Rac8 22. Bh4 a5 23. Ne1 Nb8 24. Nf3 Rxc2 25. Rxc2 Nc6 26. a3 a4
27. Rb2 axb3 28. Rxb3 Nd6 29. Be1 Qa6 30. h4 Na7 31. a4 Rc1 32. axb5 Naxb5
33. Rb1 Rxb1 34. Qxb1 Qc8 35. Qd3 Qe8 36. Bb4 Ne4 37. Ng5 Qc6 38. Bc5 f6
39. Nxe4 dxe4 40. Qb3 f5 41. Qa4 Kh7 42. Kf2 Qe8 43. Kg3 Nc7 44. Qa7 Nd5
45. Kf2 Nf6 46. Qa6 Qb8 47. Qb6 Qa8 48. Qa7 Qc6 49. Bf8 Qc2+ 50. Ke1 Qc3+
51. Kd1 Qd3+ 52. Kc1 Qxe3+ 53. Kb1 Nh5 0-1

[Event "Open"]
[Site "Baku AZE"]
[Date "2010.08.30"]
[Round "8"]
[White "Quparadze,G"]
[Black "Hakimifard,G"]
[Result "1-0"]
[WhiteElo "2345"]
[BlackElo "2173"]
[EventDate "2010.08.23"]

1. e4 c5 2. Nf3 e6 3. d4 cxd4 4. Nxd4 a6 5. Nc3 Qc7 6. Be2 Nf6 7. O-O Nc6
8. Be3 Bb4 9. Na4 Be7 10. c4 Nxe4 11. Rc1 O-O 12. c5 Rb8 13. Bf3 Ng5 14.
Bh5 f5 15. f4 Ne4 16. Bf3 d5 17. cxd6 Bxd6 18. Nxc6 bxc6 19. Bxe4 fxe4 20.
Qd2 e5 21. f5 Bxf5 22. Nc5 Bxc5 23. Rxc5 Rb5 24. Rc3 Qb7 25. Bc5 Rxb2 26.
Qd6 Re8 27. Rxf5 Rb1+ 28. Rf1 Rxf1+ 29. Kxf1 Qb1+ 30. Ke2 Qxa2+ 31. Qd2 Qe6
32. h3 h6 33. Kf2 Rb8 34. Be3 Qd5 35. Qc2 Rf8+ 36. Kg1 Qa5 37. Kh2 Rf6 38.
Rxc6 1-0

[Event "Open"]
[Site "Baku AZE"]
[Date "2010.08.30"]
[Round "8"]
[White "Shanava,K"]
[Black "Pirverdiyev,A"]
[Result "1-0"]
[WhiteElo "2556"]
[BlackElo "2090"]
[EventDate "2010.08.23"]

1. e4 c5 2. Nc3 e6 3. Nf3 d6 4. d4 cxd4 5. Nxd4 a6 6. f4 b5 7. Bd3 Nf6 8.
Qe2 Bb7 9. Bd2 Qc7 10. a4 b4 11. Na2 e5 12. Nb3 a5 13. c3 bxc3 14. Nxc3 Be7
15. Rc1 Qd8 16. Bb5+ Kf8 17. O-O Nbd7 18. Kh1 h5 19. Nd5 h4 20. Nxe7 Nxe4
21. Bc6 Bxc6 22. Rxc6 Nxd2 23. Ng6+ fxg6 24. Qxd2 Nf6 25. Rxd6 Qe7 26. fxe5
Qxe5 27. Re1 Qh5 28. Rd8+ Kf7 29. Re7+ Kxe7 30. Qd6+ Kf7 31. Qc7+ Nd7 32.
Rxd7+ Kf8 33. Rf7+ 1-0

[Event "Open"]
[Site "Baku AZE"]
[Date "2010.08.30"]
[Round "8"]
[White "Hasanov,R"]
[Black "Paichadze,L"]
[Result "0-1"]
[WhiteElo "2162"]
[BlackElo "2467"]
[EventDate "2010.08.23"]

1. e4 c6 2. d4 d5 3. Nc3 dxe4 4. Nxe4 Nf6 5. Nxf6+ gxf6 6. Bc4 Bf5 7. Ne2
e6 8. Ng3 Bg6 9. O-O h5 10. f4 f5 11. Ne2 h4 12. h3 Bh5 13. Be3 Nd7 14. Bd3
Rg8 15. c4 Qf6 16. Qb3 O-O-O 17. Qa4 Nc5 18. Qc2 Nxd3 19. Qxd3 Qg6 20. Rf2
Bf3 21. Kf1 Bxg2+ 22. Ke1 Bb4+ 23. Nc3 c5 24. a3 Be4 25. Qd2 cxd4 0-1

[Event "Open"]
[Site "Baku AZE"]
[Date "2010.08.30"]
[Round "8"]
[White "Agayev,N"]
[Black "Khelaia,G"]
[Result "1-0"]
[WhiteElo "2317"]
[BlackElo "2115"]
[EventDate "2010.08.23"]

1. d4 g6 2. e4 Bg7 3. Nc3 d6 4. Be2 Nc6 5. Be3 e5 6. dxe5 Bxe5 7. Nf3 Bg7
8. h3 Nf6 9. O-O O-O 10. Re1 Re8 11. Bc4 Na5 12. Bf1 Be6 13. Bf4 Bc4 14.
Bd3 b5 15. a3 h6 16. Nxb5 Qb8 17. a4 a6 18. Na3 Bxd3 19. Qxd3 Nh5 20. Bd2
Nb7 21. Be3 Bxb2 22. Rab1 Bxa3 23. Qxa3 Qc8 24. Bxh6 Nc5 25. e5 Qd7 26. a5
Rab8 27. Rbd1 Qf5 28. Qc3 Nf4 29. Nd4 Nd5 30. Qxc5 Qxf2+ 31. Kxf2 dxc5 32.
Nc6 1-0

[Event "Open"]
[Site "Baku AZE"]
[Date "2010.08.30"]
[Round "8"]
[White "Zeynalov,R"]
[Black "Kazimova,N"]
[Result "0-1"]
[WhiteElo "2030"]
[BlackElo "2255"]
[EventDate "2010.08.23"]

1. e4 c5 2. g3 e6 3. Bg2 Nc6 4. Ne2 Nf6 5. O-O d5 6. d3 Be7 7. f4 dxe4 8.
dxe4 Qb6 9. Kh1 O-O 10. c3 Rd8 11. Qb3 Qa6 12. Qc2 b6 13. Be3 Bb7 14. a4
Rac8 15. Rd1 Rxd1+ 16. Qxd1 Rd8 17. Qc2 Na5 18. e5 Ng4 19. Bg1 Nc4 20. Qc1
Nce3 21. Bxe3 Bxg2+ 0-1

[Event "Open"]
[Site "Baku AZE"]
[Date "2010.08.30"]
[Round "8"]
[White "Akhmadzade,F"]
[Black "Khademi,M"]
[Result "0-1"]
[WhiteElo "1941"]
[BlackElo "2226"]
[EventDate "2010.08.23"]

1. d4 Nf6 2. Nf3 c5 3. dxc5 Qa5+ 4. c3 Qxc5 5. e3 g6 6. Be2 Bg7 7. O-O O-O
8. Nbd2 d5 9. Nb3 Qc7 10. Bd2 Ne4 11. Qc2 Nc6 12. Rac1 Bf5 13. Bd3 e5 14.
Ne1 a5 15. f3 Nxd2 16. Qxd2 a4 17. Na1 e4 18. Be2 Qb6 19. f4 d4 20. cxd4
Nxd4 21. Bc4 Rfd8 22. Qf2 Rac8 23. Kh1 Be6 24. b3 axb3 25. axb3 Nxb3 26.
Bxb3 Rxc1 27. Bxe6 Bxa1 0-1

[Event "Open"]
[Site "Baku AZE"]
[Date "2010.08.30"]
[Round "8"]
[White "Idrisov,T"]
[Black "Aliakbarov,A"]
[Result "1-0"]
[WhiteElo "2219"]
[BlackElo "2080"]
[EventDate "2010.08.23"]

1. d4 d5 2. Nf3 Nf6 3. e3 c5 4. c3 c4 5. b3 cxb3 6. axb3 Bg4 7. Ba3 Nbd7 8.
h3 Bxf3 9. Qxf3 e6 10. Bxf8 Kxf8 11. Bd3 g6 12. Nd2 Kg7 13. O-O a6 14. Qg3
Rc8 15. c4 Qc7 16. Qxc7 Rxc7 17. f4 Ne8 18. Kf2 f5 19. c5 Nef6 20. b4 Ne4+
21. Nxe4 fxe4 22. Be2 Rb8 23. Rfb1 Kf7 24. g4 h6 25. h4 Ke7 26. b5 axb5 27.
Bxb5 b6 28. Bxd7 Rxd7 29. Rxb6 Rdb7 30. Rab1 Rxb6 31. Rxb6 Rxb6 32. cxb6
Kd7 33. h5 gxh5 34. g5 1-0

[Event "Open"]
[Site "Baku AZE"]
[Date "2010.08.30"]
[Round "8"]
[White "Ibrahimova,S"]
[Black "Babrak,O"]
[Result "1-0"]
[WhiteElo "2054"]
[BlackElo "1922"]
[EventDate "2010.08.23"]

1. e4 c5 2. Nf3 d6 3. d4 cxd4 4. Nxd4 Nf6 5. Nc3 e5 6. Bb5+ Bd7 7. Bxd7+
Qxd7 8. Nf5 Nc6 9. Ne3 Be7 10. O-O O-O 11. Nf5 Rfd8 12. Bg5 a6 13. Bxf6
Bxf6 14. Nd5 Rab8 15. Nxf6+ gxf6 16. Qg4+ 1-0

[Event "Open"]
[Site "Baku AZE"]
[Date "2010.08.31"]
[Round "9"]
[White "Abbasov,F"]
[Black "Javakhishvili,L"]
[Result "1/2-1/2"]
[WhiteElo "2549"]
[BlackElo "2470"]
[EventDate "2010.08.23"]

1. Nf3 Nf6 2. c4 e6 3. Nc3 Bb4 4. Qc2 O-O 5. a3 Bxc3 6. Qxc3 d6 7. g3 b6 8.
Bg2 Bb7 9. d3 c5 10. O-O a5 11. b3 Nc6 12. Bb2 Qe7 13. e3 Rfd8 14. Rfd1
Rac8 15. Rac1 Ba8 16. Qc2 Na7 17. Bc3 Rb8 18. Qb2 Rd7 19. e4 e5 20. Nh4 b5
21. Nf5 Qd8 22. Qd2 b4 23. axb4 axb4 24. Bb2 Nc6 25. Bh3 Ra7 26. f4 Bb7 27.
fxe5 dxe5 28. Qg5 Ne8 29. Nh6+ Kf8 30. Rf1 Ba8 31. Nxf7 Rxf7 32. Be6 Rf6
33. Bd5 Nd4 34. Bxd4 cxd4 35. Qxe5 Bxd5 36. cxd5 Rc8 37. Qxd4 Rxc1 38.
Qxb4+ Qe7 39. Qxe7+ Kxe7 40. Rxc1 Rf3 41. Rd1 Kd6 42. Kg2 Rf7 43. d4 Rc7
44. Kf3 Rc3+ 45. Kf4 1/2-1/2

[Event "Open"]
[Site "Baku AZE"]
[Date "2010.08.31"]
[Round "9"]
[White "Abdulov,Or"]
[Black "Ibrahimov,R"]
[Result "0-1"]
[WhiteElo "2295"]
[BlackElo "2534"]
[EventDate "2010.08.23"]

1. e4 c5 2. Nf3 d6 3. d4 cxd4 4. Nxd4 Nf6 5. Nc3 a6 6. Be2 e5 7. Nb3 Be7 8.
O-O Be6 9. Be3 Nbd7 10. Qd2 b5 11. f3 Nb6 12. Bxb6 Qxb6+ 13. Kh1 O-O 14. a4
b4 15. Nd5 Nxd5 16. exd5 Bd7 17. f4 Bf6 18. Bd3 a5 19. f5 e4 20. Bxe4 Rfe8
21. Bd3 Re5 22. Qf2 Qxf2 23. Rxf2 Re7 24. Rb1 Bxa4 25. Nd2 Be8 26. Nc4 a4
27. Nxd6 a3 28. bxa3 bxa3 29. Bc4 a2 30. Bxa2 Rxa2 31. g3 h5 32. Rb8 Kf8
33. Rc8 Be5 34. Nb5 Rd7 35. Rd2 Rb2 36. Na7 Rxa7 0-1

[Event "Open"]
[Site "Baku AZE"]
[Date "2010.08.31"]
[Round "9"]
[White "Alavi,S"]
[Black "Miroshnichenko,E"]
[Result "0-1"]
[WhiteElo "2413"]
[BlackElo "2686"]
[EventDate "2010.08.23"]

1. Nf3 g6 2. g3 Bg7 3. c4 e5 4. Nc3 d6 5. Bg2 Nc6 6. O-O f5 7. d3 h6 8. Rb1
Nf6 9. b4 O-O 10. Ne1 g5 11. Nc2 f4 12. Nd5 Kh8 13. b5 Nxd5 14. Bxd5 Ne7
15. Bg2 Ng6 16. Nb4 Qf6 17. Na6 Rf7 18. Bd2 g4 19. Bd5 Nf8 20. c5 Ne6 21.
cxd6 cxd6 22. Rc1 Bd7 23. Nc7 Raf8 24. Nxe6 Bxe6 25. Qb3 Bxd5 26. Qxd5 Rd7
27. Ba5 f3 28. e3 Qf7 29. Qxf7 Rfxf7 30. Rc8+ Kh7 31. Rfc1 h5 32. Kf1 d5
33. R1c7 b6 34. Rxd7 Rxd7 35. Bb4 Bf6 36. Rc6 Kg7 37. Ke1 d4 38. e4 Kf7 39.
Kd2 h4 40. Bd6 hxg3 41. hxg3 Rd8 42. Rc7+ Ke6 43. Bb4 Rh8 44. Kd1 Rh1+ 45.
Be1 Be7 46. Rc6+ Kd7 47. Rc4 Bc5 48. Ra4 Kc8 49. Kd2 Kb7 50. Kd1 a5 51.
bxa6+ Ka7 52. a3 Be7 0-1

[Event "Open"]
[Site "Baku AZE"]
[Date "2010.08.31"]
[Round "9"]
[White "Bajarani,U"]
[Black "Guseinov,G"]
[Result "0-1"]
[WhiteElo "2409"]
[BlackElo "2611"]
[EventDate "2010.08.23"]

1. e4 c5 2. Nf3 Nc6 3. d4 cxd4 4. Nxd4 g6 5. Nc3 Bg7 6. Be3 Nf6 7. Bc4 O-O
8. Bb3 a5 9. f3 d5 10. Bxd5 Nxd4 11. Bxd4 a4 12. a3 Qa5 13. O-O Rd8 14. Qe1
e6 15. Bxf6 Bxf6 16. e5 Bg7 17. Ba2 Bxe5 18. Kh1 Bxc3 19. Qxc3 Qxc3 20.
bxc3 Rd2 21. Rac1 Ra6 22. Rfd1 Rad6 23. Rxd2 Rxd2 24. Bc4 e5 25. Bd3 Bf5
26. Bxf5 gxf5 27. Kg1 Kg7 28. Kf1 e4 29. fxe4 fxe4 30. Re1 f5 31. Re2 Rxe2
32. Kxe2 f4 0-1

[Event "Open"]
[Site "Baku AZE"]
[Date "2010.08.31"]
[Round "9"]
[White "Durarbeyli,V"]
[Black "Quparadze,G"]
[Result "1-0"]
[WhiteElo "2501"]
[BlackElo "2345"]
[EventDate "2010.08.23"]

1. e4 c5 2. Nf3 Nc6 3. d4 cxd4 4. Nxd4 Qc7 5. Nc3 e6 6. Be2 a6 7. O-O Nf6
8. Be3 Bb4 9. Na4 O-O 10. Nxc6 bxc6 11. Nb6 Rb8 12. Nxc8 Rfxc8 13. Bd3 Bd6
14. f4 e5 15. f5 Rxb2 16. g4 Rb4 17. Qf3 Bf8 18. c3 Rb2 19. g5 Nd5 20. Bc1
Nf4 21. Bxb2 Qb6+ 22. Kh1 Qxb2 23. Bxa6 Rd8 24. Bc4 d5 25. exd5 cxd5 26.
Bb3 g6 27. Rae1 Bd6 28. Rf2 Qa3 29. fxg6 hxg6 30. Bxd5 Kg7 31. Bb3 Qa7 32.
Rd2 Qe7 33. h4 Rh8 34. Rh2 Qc7 35. Re4 Qd7 36. Bc2 Qb5 37. Re1 Bb8 38. Rb1
Qc5 39. h5 gxh5 40. Rd2 Qe7 41. Qe4 h4 42. Rxb8 Nh5 43. Rg2 h3 44. Rg4 1-0

[Event "Open"]
[Site "Baku AZE"]
[Date "2010.08.31"]
[Round "9"]
[White "Rasulov,Vu"]
[Black "Agasiyev,Ka"]
[Result "1-0"]
[WhiteElo "2442"]
[BlackElo "2203"]
[EventDate "2010.08.23"]

1. e4 e6 2. d4 d5 3. Nd2 Nf6 4. e5 Nfd7 5. Bd3 c5 6. c3 Nc6 7. Ne2 cxd4 8.
cxd4 f6 9. Nf4 Nxd4 10. Qh5+ Ke7 11. Ng6+ hxg6 12. exf6+ Nxf6 13. Qxh8 Kf7
14. Qh4 e5 15. Nf3 Nxf3+ 16. gxf3 Bf5 17. Bxf5 gxf5 18. Bg5 Qa5+ 19. Kf1
Be7 20. Kg2 d4 21. Rac1 Nd5 22. Rhg1 Bxg5 23. Qxg5 Nf4+ 24. Kh1 g6 25. b4
Qb6 26. Qh6 Rg8 27. Qh7+ Rg7 28. Qh8 d3 29. Qc8 Ne6 30. Qd7+ Kf6 31. Qxd3
Qxf2 32. Rc2 Qd4 33. Qa3 Qd5 34. Qe3 g5 35. Rf1 Rh7 36. Qd2 Qb5 37. Re1 Rd7
38. Qc1 Qd5 39. Rf2 Rc7 40. Qe3 Nd4 41. Rg1 Rg7 42. Rc1 b6 43. Rc8 Qd6 44.
Rg2 Ne6 45. b5 Qd5 46. Rh8 f4 47. Qc3 g4 48. Rh6+ Kf7 49. Qc2 Ke7 50. Qc6
Qxc6 51. bxc6 g3 52. Re2 Rg5 53. Rc2 Nc5 54. Rd2 Rg8 55. c7 Ne6 56. Rd8 1-0

[Event "Open"]
[Site "Baku AZE"]
[Date "2010.08.31"]
[Round "9"]
[White "Toufighi,H"]
[Black "Musayev,Eldar"]
[Result "0-1"]
[WhiteElo "2501"]
[BlackElo "2202"]
[EventDate "2010.08.23"]

1. e4 c6 2. d4 d5 3. Nc3 dxe4 4. Nxe4 Bf5 5. Ng3 Bg6 6. Nf3 Nd7 7. Bc4 e6
8. O-O Bd6 9. Re1 Ngf6 10. Ne5 Qc7 11. Qe2 Nd5 12. h4 Bxe5 13. dxe5 h6 14.
a4 Nb4 15. Bxe6 Nxc2 16. Bxf7+ Kxf7 17. h5 Bd3 18. Qxd3 Nxe1 19. Qf5+ Ke7
20. e6 Raf8 21. Qg6 Ne5 22. Nf5+ Rxf5 23. Qxg7+ Kd6 24. Qxh8 Nc2 25. e7
Qxe7 26. Rb1 Qf8 27. Qh7 Rxf2 28. Bxh6 Rxg2+ 29. Kxg2 Qf3+ 30. Kg1 Qg3+ 31.
Kf1 Qf3+ 32. Kg1 Qg4+ 33. Kf1 Qf3+ 34. Kg1 Nd4 35. Re1 Qg3+ 36. Kf1 Qh3+
37. Kg1 Ndf3+ 38. Kf2 Qh4+ 39. Ke3 Qxe1+ 40. Kf4 Qd2+ 0-1

[Event "Open"]
[Site "Baku AZE"]
[Date "2010.08.31"]
[Round "9"]
[White "Mammadbayova,Farida"]
[Black "Mamedjarova,T"]
[Result "1/2-1/2"]
[WhiteElo "2036"]
[BlackElo "2280"]
[EventDate "2010.08.23"]

1. e4 e5 2. Nf3 Nc6 3. Bb5 a6 4. Bxc6 dxc6 5. h3 Qf6 6. O-O Bd6 7. d4 Bd7
8. dxe5 Bxe5 9. Nxe5 Qxe5 10. Nc3 O-O-O 11. Qf3 Qe6 12. Na4 b6 13. Bf4 Nf6
14. Rfe1 h6 15. Bh2 1/2-1/2

[Event "Open"]
[Site "Baku AZE"]
[Date "2010.08.31"]
[Round "9"]
[White "Hasanov,Shakhr"]
[Black "Talishzada,O"]
[Result "1-0"]
[WhiteElo "2264"]
[BlackElo "2073"]
[EventDate "2010.08.23"]

1. e4 c5 2. Nc3 e6 3. Nf3 d6 4. d4 cxd4 5. Nxd4 Nf6 6. Be2 Be7 7. O-O O-O
8. f4 Nc6 9. Be3 e5 10. Nb3 exf4 11. Bxf4 Be6 12. Kh1 d5 13. exd5 Nxd5 14.
Nxd5 Bxd5 15. c3 Be4 16. Qe1 Bh4 17. Bg3 Be7 18. Rd1 Qc8 19. Bc4 Bg6 20.
Bd5 Re8 21. Qf2 Kh8 22. Qf3 Bc2 23. Rd2 Bxb3 24. axb3 Bf6 25. Bxf7 Ne5 26.
Bxe5 Rxe5 27. Bd5 Qd7 28. Rdd1 Rf8 29. Bxb7 Qc7 30. Bc6 1-0

[Event "Open"]
[Site "Baku AZE"]
[Date "2010.08.31"]
[Round "9"]
[White "Joussifov,N"]
[Black "Hasanli,S"]
[Result "1/2-1/2"]
[WhiteElo "2215"]
[BlackElo "1983"]
[EventDate "2010.08.23"]

1. Nf3 c5 2. c4 Nf6 3. d4 cxd4 4. Nxd4 d6 5. Nc3 g6 6. e4 Bg7 7. Be2 O-O 8.
O-O Nc6 9. Be3 Bd7 10. f3 Rc8 11. Qd2 Re8 12. Rac1 Ne5 13. b3 Qa5 14. Rfd1
Nc6 15. h3 Nxd4 16. Bxd4 Bc6 17. Kf1 Nh5 18. Bxg7 Kxg7 19. Nd5 Qxd2 20.
Rxd2 Bxd5 21. exd5 Ng3+ 22. Kf2 Nxe2 23. Rxe2 b5 24. Rec2 Rc5 25. b4 Rxc4
26. Rxc4 bxc4 27. Rxc4 Kf6 28. f4 Rb8 29. g4 h6 30. Ke3 g5 31. a4 a6 32.
Kd3 h5 33. Kc3 hxg4 34. hxg4 gxf4 35. Rxf4+ Ke5 36. Rxf7 Kxd5 37. Rxe7 Rg8
38. Ra7 Rxg4 39. Rxa6 Rg3+ 40. Kd2 Kc4 41. b5 Rg2+ 42. Ke3 d5 43. b6 d4+
44. Kf3 Rb2 45. a5 Rb3+ 46. Ke4 d3 47. Ra7 d2 48. Rd7 Kb5 49. Rd5+ Ka6 50.
Rxd2 Kxa5 1/2-1/2

[Event "Open"]
[Site "Baku AZE"]
[Date "2010.08.31"]
[Round "9"]
[White "Rustamzada,Dargah"]
[Black "Khalaji,H"]
[Result "1-0"]
[WhiteElo "2093"]
[BlackElo "1958"]
[EventDate "2010.08.23"]

1. e4 c6 2. d4 d5 3. exd5 cxd5 4. Bd3 Nc6 5. c3 g6 6. Bf4 Bg7 7. Nf3 Nh6 8.
O-O Bf5 9. Bxh6 Bxh6 10. Bxf5 gxf5 11. Ne5 Nxe5 12. dxe5 e6 13. Kh1 O-O 14.
f4 Qh4 15. Qd2 Kh8 16. Na3 Rg8 17. Rf3 Rg6 18. Nb5 Rag8 19. Nd6 Qe7 20. Rg1
Rg4 21. Qf2 a6 22. h3 R4g6 23. b3 Qc7 24. c4 Bf8 25. Qb2 dxc4 26. bxc4 R6g7
27. Ne8 Qxc4 28. Nxg7 Rxg7 29. Qxb7 Qxa2 30. Rc3 Qa4 31. Rc8 Qa3 32. Rgc1
f6 33. Qc6 Rg3 34. Kh2 Rg8 35. exf6 Qg3+ 36. Kh1 Qg6 37. Re1 Qxf6 38. Qxe6
Qxe6 39. Rxe6 a5 40. Ree8 Kg7 41. Ra8 Kf7 42. Rec8 1-0

[Event "Open"]
[Site "Baku AZE"]
[Date "2010.08.31"]
[Round "9"]
[White "Bayramov,Elvin"]
[Black "Guliyeva,S"]
[Result "1-0"]
[WhiteElo "2004"]
[BlackElo "2010"]
[EventDate "2010.08.23"]

1. e4 c5 2. Nf3 Nc6 3. d4 cxd4 4. Nxd4 Nf6 5. Nc3 e5 6. Ndb5 d6 7. Bg5 a6
8. Na3 b5 9. Nd5 Be7 10. Bxf6 Bxf6 11. c4 Qa5+ 12. Qd2 Qxd2+ 13. Kxd2 b4
14. Nc7+ Kd7 15. Nxa8 bxa3 16. Nb6+ Ke6 17. g3 axb2 18. Rb1 Bg5+ 19. f4
exf4 20. Bh3+ Ke5 21. Bxc8 fxg3+ 22. Kd3 g2 23. Rhg1 Nb4+ 24. Ke2 Nxa2 25.
Rxb2 Nc1+ 26. Kf3 Nd3 27. Rbxg2 Bh4 28. Rd2 f5 29. Bxf5 g6 30. Rxd3 1-0